[Event "Newport"]
[Site "Newport"]
[Date "1998.??.??"]
[Round "1"]
[White "Williams, Simon"]
[Black "Kargin, Arseny"]
[Result "1-0"]
[WhiteElo "2315"]
[BlackElo "2285"]

1.c4 c6 2.Nc3 d5 3.cxd5 cxd5 4.d4 Nf6 5.Bf4 Qb6 6.Rc1 Nc6 7.e3 Qxb2 8.Bd3 e6
9.Nb5 Bb4+ 10.Kf1 O-O 11.Rc2 Qxc2 12.Bxc2 Bd7 13.Nd6 b6 14.Qd3 a6 15.Ne2 g6
16.a3 Bxd6 17.Bxd6 Rfc8 18.f3 Na5 19.a4 Nc4 20.Be7 Ne8 21.Kf2 Nb2 22.Qb3 Bxa4
23.Qxb2 Rxc2 24.Qxb6 Bb5 25.Re1 Rac8 26.Bc5 Nf6 27.Qb7 Re8 28.h4 h5 29.Qc7 Nd7
30.Qa5 e5 31.Qb4 Nxc5 32.dxc5 d4 33.exd4 exd4 34.Qxd4 Rcxe2+ 35.Rxe2 Rxe2+
36.Kg3 Re6 37.Kf4 f5 38.Kg5 Kf7 39.Qd8 Rc6 40.Qd7+ Kg8 41.Kf4 Rf6 42.Qd8+ Kf7
43.Qc7+ Ke8 44.Ke5 Rc6 45.Qa7 Kd8 46.Kd5 Rf6 47.Qb7 Bd7 48.Ke5 Re6+ 49.Kf4 Bb5
50.Kg5 Rc6 51.Kh6 Re6 52.Qb8+ Kd7 53.Qb7+ Kd8 54.Qd5+ Ke7 55.Kg7 Bc6 56.Qd2 Bd7
57.Qb4 Rc6 58.Qb8 Be8 59.Qe5+ Kd8 60.Kf8 Bd7 61.Qb8+ Bc8 62.Kf7 Re6 63.Qa8 Kc7
64.Qa7+ Kd8 65.c6  1-0

[Event "Newport"]
[Site "Newport"]
[Date "1998.??.??"]
[Round "4"]
[White "Beaumont, Chris"]
[Black "Kargin, Arseny"]
[Result "1/2-1/2"]
[WhiteElo "2335"]
[BlackElo "2285"]

1.c4 c6 2.d4 d5 3.cxd5 cxd5 4.Nc3 Nf6 5.Bf4 Nc6 6.e3 Bf5 7.Nf3 e6 8.Ne5 Nxe5
9.Bxe5 a6 10.Bxf6 gxf6 11.Bd3 Bxd3 12.Qxd3 f5 13.O-O Bd6 14.Rac1 Qh4 15.f4 O-O
16.Na4 Kh8 17.Nc5 Qe7 18.Rc3 Rg8 19.Rfc1 Rg6 20.Qf1 Rag8 21.R1c2 Rb8 22.Nd3 f6  1/2-1/2

[Event "Newport"]
[Site "Newport"]
[Date "1998.??.??"]
[Round "6"]
[White "Markov, Jurij"]
[Black "Crouch, Colin S"]
[Result "0-1"]
[WhiteElo "2390"]
[BlackElo "2410"]

1.c4 c6 2.d4 d5 3.cxd5 cxd5 4.Nc3 Nf6 5.Bf4 e6 6.e3 Be7 7.Bd3 O-O 8.h3 a6
9.Nf3 b5 10.O-O Bb7 11.a3 Nbd7 12.Qe2 Ne4 13.Rfc1 Rc8 14.Na2 Qb6 15.b4 Qa7
16.Rxc8 Rxc8 17.Rc1 Rxc1+ 18.Nxc1 Nb6 19.Qc2 Nc4 20.Ne5 Qa8 21.Bxe4 dxe4
22.Nxc4 Qc8 23.Nb3 Qxc4 24.Qb2 Bd5 25.Nc5 Bxc5 26.bxc5 h6 27.Bc7 Kf8 28.Qd2 Qa4
29.Qc3 Ke8 30.Bd6 Kd7 31.Bf8 Kc6 32.f3 exf3 33.e4 Qd1+ 34.Kh2 f2 35.exd5+ exd5
36.Qa5 Qg1+ 37.Kg3 f1=N+ 38.Kf3 Qe3+ 39.Kg4 Nh2+ 40.Kf5 Qe4+  0-1

[Event "South Wales 1st"]
[Site "Newport"]
[Date "1998.??.??"]
[Round "6"]
[White "Webster, Andrew"]
[Black "Houska, Miroslav"]
[Result "0-1"]
[WhiteElo "2420"]
[BlackElo "2385"]

1.c4 c6 2.b3 d5 3.Bb2 Nf6 4.g3 Bg4 5.Bg2 e6 6.Nf3 Nbd7 7.O-O Bd6 8.d4 O-O
9.Ne5 Bh5 10.Nd2 Qe7 11.Re1 Ba3 12.Qc1 Bxb2 13.Qxb2 Nxe5 14.dxe5 Nd7 15.e4 dxc4
16.Nxc4 Nb6 17.Ne3 Rad8 18.g4 Bg6 19.f4 f6 20.f5 Bf7 21.exf6 Qxf6 22.e5 Qg5
23.Qf2 exf5 24.h4 Qe7 25.Nxf5 Qe6 26.h5 Bxh5 27.gxh5 Rxf5 28.Qh4 Qe8 29.Rad1 Nd5
30.h6 Rh5 31.Qa4 Rxh6 32.Bxd5+ Rxd5 33.Rxd5 Qg6+ 34.Kf2 Qf7+ 35.Ke3 Qxd5
36.Qc4 Rh3+ 37.Ke2 Qxc4+ 38.bxc4 Kf7 39.Rd1 Ke7 40.Rb1 b6 41.c5 b5 42.a4 Rh5
43.axb5 Rxe5+ 44.Kf3 Rxc5 45.bxc6 Rxc6 46.Rb7+ Kf6 47.Rxa7 h5 48.Kg3 g5 49.Ra3 Kg6
50.Kh3 h4 51.Ra4 Rc3+ 52.Kg2 Kh5 53.Ra5 h3+ 54.Kh2 Kh4 55.Ra4+ g4 56.Rb4 Rc2+
57.Kg1 Re2 58.Ra4 Kg3 59.Ra1 Re4 60.Ra3+ Kh4 61.Ra8 Rf4 62.Rb8 Kg3 63.Rb1 Kh4
64.Rb8 g3 65.Rh8+ Kg4 66.Rg8+ Kf3 67.Rh8 h2+ 68.Kh1 g2+ 69.Kxh2 Kf2 70.Rh3 g1=Q+  0-1

[Event "Nova Gorica op"]
[Site "Nova Gorica"]
[Date "1998.??.??"]
[Round "6"]
[White "Golubovic, Boris"]
[Black "Petrov, Jole"]
[Result "1/2-1/2"]
[WhiteElo "2450"]
[BlackElo "2335"]

1.c4 c6 2.Nf3 d5 3.d4 Nf6 4.Nc3 e6 5.cxd5 exd5 6.Bg5 Be7 7.Qc2 O-O 8.e3 Nbd7
9.Bd3 Re8 10.O-O Nf8 11.Rab1 h6 12.Bxf6 Bxf6 13.h3 a5  1/2-1/2

[Event "Nova Gorica op"]
[Site "Nova Gorica"]
[Date "1998.??.??"]
[Round "7"]
[White "Brezovar, Matjaz"]
[Black "Crepan, Marjan"]
[Result "1/2-1/2"]
[WhiteElo "2195"]
[BlackElo "2295"]

1.c4 c6 2.e4 d5 3.cxd5 cxd5 4.exd5 Nf6 5.Nc3 Nxd5 6.Bc4 Nb6 7.Bb3 Nc6 8.Nf3 Bf5
9.d4 e6 10.O-O Be7 11.d5 exd5 12.Nxd5 Nxd5 13.Qxd5 Qxd5 14.Bxd5 Nb4 15.Bb3 O-O
16.Bd2 Nd3 17.Bc3 Rad8 18.Bc2 Bc5 19.Ne1 f6 20.Nxd3 Bxd3 21.Bxd3 Rxd3 22.Rfd1 Rfd8
23.Rxd3 Rxd3 24.Kf1 Kf7 25.Ke2 Rd5 26.f3 Rg5 27.g4 h5 28.h4 Rg6 29.gxh5 Rh6
30.Rd1 Ke6 31.Bd4 Rxh5 32.Bxc5 Rxc5 33.Rg1 Kf7 34.Kd3 Rb5 35.b3 Rb4 36.Rg4 Rb6
37.Rd4 Ke6 38.Ke4 Rb5 39.Rc4 Rh5 40.Rc7 Rxh4+ 41.Ke3 Rb4 42.Rxg7 a5 43.Rc7 b6  1/2-1/2

[Event "GER-ch U17"]
[Site "Oberhof"]
[Date "1998.??.??"]
[Round "?"]
[White "Reuss, Andreas"]
[Black "Schneider, Henning"]
[Result "0-1"]
[WhiteElo "2175"]
[BlackElo "2220"]

1.c4 c6 2.d4 d5 3.Nf3 Nf6 4.Nc3 dxc4 5.a4 Bf5 6.e3 e6 7.Bxc4 Bb4 8.O-O O-O
9.Qe2 Bg6 10.Ne5 Nbd7 11.Rd1 Nxe5 12.dxe5 Nd7 13.f4 Qe7 14.Na2 Ba5 15.b4 Bc7
16.Bd2 f6 17.Qg4 Bf7 18.Qh4 Bg6 19.Bc3 Rae8 20.g4 Kh8 21.Rxd7 Qxd7 22.exf6 e5
23.f5 Rxf6 24.fxg6 Rxg6 25.h3 b5 26.axb5 cxb5 27.Bf1 Bb6 28.Re1 Qd5 29.Qf2 Rf6
30.Bg2 Qf7 31.Qe2 Rf8 32.Nc1 Rf2 33.Qd1 Rxg2+ 34.Kxg2 Qf2+ 35.Kh1 Qg3 36.Nd3 Qxh3+
37.Kg1 Bxe3+ 38.Rxe3 Qxe3+ 39.Kh1 Rf3 40.Nf4 Qxf4  0-1

[Event "RUS-Cup"]
[Site "Omsk/Perm"]
[Date "1998.??.??"]
[Round "4"]
[White "Yakovich, Yuri"]
[Black "Iskusnyh, Sergei"]
[Result "0-1"]
[WhiteElo "2570"]
[BlackElo "2455"]

1.c4 c6 2.d4 d5 3.Nf3 Nf6 4.Nc3 e6 5.Bg5 h6 6.Bxf6 Qxf6 7.Qc2 Nd7 8.e4 dxe4
9.Qxe4 g6 10.h4 h5 11.g3 Bg7 12.Bh3 O-O 13.O-O c5 14.d5 Nb6 15.d6 Bd7 16.Qxb7 Rab8
17.Qe4 Nxc4 18.Qxc4 Qxf3 19.Bg2 Qf5 20.Rab1 Rb4 21.Qa6 Bxc3  0-1

[Event "RUS-Cup"]
[Site "Omsk/Perm"]
[Date "1998.??.??"]
[Round "9"]
[White "Yakovich, Yuri"]
[Black "Shurygin, Sergey"]
[Result "1-0"]
[WhiteElo "2570"]
[BlackElo "2305"]

1.c4 c6 2.d4 d5 3.Nc3 Nf6 4.e3 a6 5.Bd3 b5 6.b3 Bg4 7.Nge2 e6 8.Qc2 Bh5 9.Nf4 Bg6
10.Nxg6 hxg6 11.Bb2 Be7 12.Rd1 Ra7 13.h3 Rd7 14.O-O Qc7 15.Qe2 Kf8 16.Rc1 Qd6
17.a4 b4 18.Nb1 g5 19.f3 Nh5 20.Rfd1 Bd8 21.Nd2 Ng3 22.Qf2 g4 23.fxg4 Rh6
24.e4 dxe4 25.Nxe4 Nxe4 26.Bxe4 Bh4 27.Qe3 Bd8 28.c5 Qc7 29.Rf1 Rf6 30.g5 Rxf1+
31.Rxf1 Re7 32.Qe1 Nd7 33.Qh4 Ke8 34.Bc1 e5 35.Qh8+ Nf8 36.dxe5 Qd7 37.Bb2  1-0

[Event "NOR-ch"]
[Site "Oslo"]
[Date "1998.??.??"]
[Round "6"]
[White "Egeli, Per Ove"]
[Black "Christenson, Flemming"]
[Result "1/2-1/2"]
[WhiteElo "2330"]
[BlackElo "2210"]

1.c4 c6 2.Nf3 d5 3.b3 Nf6 4.g3 Bg4 5.Bg2 Nbd7 6.Bb2 e6 7.O-O Bd6 8.d3 O-O
9.Nbd2 Qe7 10.Re1 Rfd8 11.Qc2 e5 12.e4 dxe4 13.dxe4 Bc7 14.Rac1 Ba5 15.Bc3 Bb4
16.Bxb4 Qxb4 17.Qb2 Nc5 18.Re3 Bxf3 19.Nxf3 Ng4 20.Re2 Qb6 21.Rf1 f6 22.Bh3 h5
23.Ne1 Ne6 24.Nc2 Ng5 25.Bxg4 hxg4 26.Ne3 Nxe4  1/2-1/2

[Event "NOR-ch"]
[Site "Oslo"]
[Date "1998.??.??"]
[Round "7"]
[White "Ogaard, Leif"]
[Black "Gausel, Einar"]
[Result "0-1"]
[WhiteElo "2440"]
[BlackElo "2555"]

1.c4 c6 2.e4 d5 3.exd5 cxd5 4.d4 Nf6 5.Nc3 e6 6.Nf3 Bb4 7.Bd3 dxc4 8.Bxc4 O-O
9.O-O b6 10.Qe2 Bb7 11.Rd1 Bxc3 12.bxc3 Qc7 13.Bd3 Nbd7 14.Bd2 Rfe8 15.Re1 Rac8
16.Rac1 Qd6 17.Bg5 h6 18.Bh4 Qa3 19.Qd2 Bxf3 20.gxf3 Qa5 21.Bb1 Qh5 22.Bg3 Qxf3
23.Re3 Qh5 24.Qd3 b5 25.Be5 b4 26.Bxf6 Nxf6 27.c4 Qg5+ 28.Kh1 Ng4 29.Rf1 Qh4
30.Rh3 Nxf2+ 31.Rxf2 Qxf2 32.Rf3 Qh4 33.Qh7+ Kf8 34.Bg6 Qe1+ 35.Kg2 Qe2+
36.Kg3 Qxf3+ 37.Kxf3 fxg6 38.Qxg6 Rxc4 39.d5 Rc3+ 40.Kg4 exd5 41.Qd6+ Kg8
42.Qxd5+ Kh8 43.Qd7 Rc4+ 44.Kf5 Rf8+ 45.Kg6 Rf6+ 46.Kh5 Rcf4  0-1

[Event "Atom Cup GM 3rd"]
[Site "Paks"]
[Date "1998.??.??"]
[Round "2"]
[White "Csom, Istvan"]
[Black "Dumitrache, Dragos"]
[Result "1/2-1/2"]
[WhiteElo "2475"]
[BlackElo "2420"]

1.c4 c6 2.b3 d5 3.Bb2 Bf5 4.Nf3 e6 5.d3 h6 6.Nbd2 Nf6 7.g3 Be7 8.Bg2 O-O
9.O-O Nbd7 10.a3 a5 11.Rc1 Bh7 12.Qc2 Ne8 13.Qb1 Bf6 14.Rfe1 Bxb2 15.Qxb2 Qf6
16.d4 Nd6 17.Ne5 Rfd8 18.e3 Qe7 19.Nxd7 Rxd7 20.Bf1 Ne4 21.cxd5 exd5 22.b4 axb4
23.axb4 h5 24.f3 Nxd2 25.Qxd2 h4 26.g4 f5 27.Bh3 Rf8 28.b5 cxb5 29.Rc5 fxg4
30.Bxg4 Bf5 31.Qg2 b4 32.Rb5 Rdd8 33.e4 Bxg4 34.Qxg4 Rd6 35.Kh1 dxe4 36.Qxe4 Qxe4
37.fxe4 Rxd4 38.Rxb7 h3 39.e5 Re4 40.Rg1 Rf7 41.Rb8+ Kh7 42.e6 Re7 43.Rg3 R7xe6
44.Rxh3+ Rh6 45.Rb3 Re2 46.h3 Rc6 47.Rb1 Rc3 48.R8xb4 Rxh3+ 49.Kg1 Rg3+ 50.Kf1 Rgg2
51.Rh4+ Kg6 52.Rg4+ Rxg4 53.Kxe2 Rf4 54.Rg1+ Kf6 55.Ke3 g5 56.Rg3 Kf5 57.Rf3  1/2-1/2

[Event "HUN-ch U16"]
[Site "Paks"]
[Date "1998.??.??"]
[Round "4"]
[White "Dobcsanyi, David"]
[Black "Pataki, Gyozo"]
[Result "1/2-1/2"]
[WhiteElo "2155"]
[BlackElo "2225"]

1.c4 c6 2.Nc3 d5 3.cxd5 cxd5 4.d4 Nc6 5.Nf3 Nf6 6.Bf4 a6 7.e3 Bg4 8.Be2 e6
9.O-O Bd6 10.Bg5 O-O 11.Rc1 h6 12.Bh4 Bxf3 13.Bxf3 Rc8 14.Na4 Qa5 15.a3 Nd7
16.b4 Qc7 17.Bg3 Bxg3 18.hxg3 Nb6 19.Nc5 Nc4 20.Rc3 Na7 21.a4 a5 22.b5 b6
23.Nd3 Qe7 24.Qc2 Na3 25.Qb3 Rxc3 26.Qxc3 Rc8 27.Qb3 Nc4 28.Rc1 Qa3 29.Qd1 Nb2
30.Rxc8+ Nxc8 31.Qc2 Nxd3 32.Qxc8+ Kh7 33.Qc2 g6 34.g4 Qc1+ 35.Qxc1 Nxc1
36.Bd1 Kg7 37.Kf1 Kf6 38.Bc2 Na2 39.f3 Nb4 40.Bb3 Kg5 41.g3 f5 42.gxf5 exf5
43.Kg2 Kf6 44.Kf2 Ke7 45.Kg2 Kd6 46.Kf2 Nd3+ 47.Kf1 Nb4 48.Kf2 g5 49.f4 g4
50.Ke2 Ke6 51.Kf2 Nd3+ 52.Kf1 Nb2 53.Kf2 Nc4 54.Bc2 Nd6 55.Bd3 Ne4+ 56.Kg2 h5
57.Bc2 Nf6 58.Kf2 Ng8 59.Kg2 Ne7 60.Kh2 Nc8 61.Kg2 Nd6 62.Kf2 Ne4+ 63.Kg2 Nc3
64.Kf2 Kf6 65.Kg2 Ke6  1/2-1/2

[Event "Atom Cup GM 3rd"]
[Site "Paks"]
[Date "1998.??.??"]
[Round "11"]
[White "Csom, Istvan"]
[Black "Karolyi, Tibor Jr"]
[Result "1-0"]
[WhiteElo "2475"]
[BlackElo "2425"]

1.c4 c6 2.Nf3 d5 3.e3 Nf6 4.Nc3 Nbd7 5.cxd5 cxd5 6.d4 e6 7.Be2 Bd6 8.O-O a6
9.b3 b5 10.Bb2 Bb7 11.Rc1 O-O 12.a4 b4 13.Nb1 Qb8 14.g3 Ne4 15.Nbd2 f5 16.Ne1 Rc8
17.Nd3 a5 18.Nf4 Bxf4 19.exf4 Ba6 20.Nxe4 dxe4 21.Rxc8+ Qxc8 22.d5 Bxe2 23.Qxe2 exd5
24.Rc1 Qa6 25.Qxa6 Rxa6 26.Rc7 Rd6 27.Bd4 Kf7 28.Kf1 h6 29.h4 Ke6 30.Ke2 g5
31.fxg5 hxg5 32.h5 Nf8 33.Ra7 f4 34.g4 Rd7 35.Rxa5 Kf7 36.Ra7 Rxa7 37.Bxa7 Ne6
38.a5 Nc7 39.Bc5 Na6 40.Bd4 Nc7 41.Bb6 Na6 42.Kd2 Kg7 43.Ke2 Kh6 44.Bd4 Kh7
45.Ke1 Kh6 46.Ke2  1-0

[Event "Pardubice Czech op"]
[Site "Pardubice"]
[Date "1998.??.??"]
[Round "2"]
[White "Kniest, Oliver"]
[Black "Meduna, Eduard"]
[Result "1/2-1/2"]
[WhiteElo "2300"]
[BlackElo "2470"]

1.c4 c6 2.d4 Nf6 3.Nc3 d5 4.cxd5 cxd5 5.Nf3 Nc6 6.Bf4 Bf5 7.e3 e6 8.Qb3 Bb4
9.Bb5 O-O 10.O-O Bxc3 11.Qxc3 Rc8 12.Rfc1 a6 13.Bxc6 Rxc6 14.Qb3 Qc8 15.Rxc6 Qxc6
16.Ne5 Qc8 17.Qd1 Qa8 18.Rc1 Rc8 19.h3 h6 20.f3 b5 21.Qd2 Qb7 22.Rc3 Nd7
23.Rxc8+ Qxc8 24.Nxd7 Qxd7 25.Qc3  1/2-1/2

[Event "Pardubice Czech op"]
[Site "Pardubice"]
[Date "1998.??.??"]
[Round "7"]
[White "Kron, Valentin"]
[Black "Shurygin, Sergey"]
[Result "1-0"]
[WhiteElo "2450"]
[BlackElo "2305"]

1.c4 c6 2.e4 d5 3.exd5 cxd5 4.cxd5 Nf6 5.Nc3 Nxd5 6.d4 Nc6 7.Nf3 Bg4 8.Qb3 Bxf3
9.gxf3 e6 10.Qxb7 Nxd4 11.Bb5+ Nxb5 12.Qc6+ Ke7 13.Qxb5 Qd7 14.Nxd5+ Qxd5
15.Bg5+ f6 16.Qxd5 exd5 17.Be3 Ke6 18.Rc1 Bb4+ 19.Ke2 Rhc8 20.Kd3 a6 21.h3 Bd6
22.Rhe1 Kf5 23.Bd2 Rab8 24.b3 Ba3 25.Rxc8 Rxc8 26.b4 Rc4 27.Rb1 Ke6 28.Rb3 Bc1
29.Rc3 Bxd2 30.Rxc4 dxc4+ 31.Kxd2 Ke5 32.Kc3 g5 33.Kxc4 h5 34.a4 h4 35.Kd3 f5
36.Ke2 Kd4 37.f4 g4 38.hxg4 h3 39.Kf3 fxg4+ 40.Kg3  1-0

[Event "Paris op"]
[Site "Paris"]
[Date "1998.??.??"]
[Round "4"]
[White "Murrey, Jacob"]
[Black "Veron, Cyprien"]
[Result "1-0"]
[WhiteElo "2460"]
[BlackElo "2110"]

1.c4 c6 2.Nf3 d5 3.e3 Nf6 4.Nc3 g6 5.cxd5 cxd5 6.Bb5+ Nc6 7.Ne5 Bd7 8.Nxd7 Qxd7
9.d4 Bg7 10.O-O O-O 11.Bd2 a6 12.Be2 b6 13.Rc1 e6 14.Na4 Qb7 15.Qb3 Rab8
16.Bxa6 Na5 17.Bxa5 Qxa6 18.Bb4 Rfc8 19.Bd6 Rxc1 20.Rxc1 Rc8 21.Rxc8+ Qxc8
22.Nc3 Nd7 23.h3 Qc6 24.Bg3 h5 25.Qb5 Qxb5 26.Nxb5 Kf8 27.Kf1 Ke7 28.Bc7 e5
29.Ke2 e4 30.a4 Ke8 31.Nc3  1-0

[Event "Paris op"]
[Site "Paris"]
[Date "1998.??.??"]
[Round "6"]
[White "Souche, Thierry"]
[Black "Shah, Binoy"]
[Result "0-1"]
[WhiteElo "2115"]
[BlackElo "2205"]

1.c4 c6 2.e4 d5 3.exd5 cxd5 4.d4 Nf6 5.Nc3 g6 6.Bg5 Bg7 7.Bxf6 Bxf6 8.Nxd5 Bg7
9.Nf3 Nc6 10.Qa4 O-O 11.O-O-O Bg4 12.Be2 Bxf3 13.Bxf3 Nxd4 14.Rhe1 e6 15.Ne3 Qb6
16.Rd2 Rac8 17.Kb1 Nxf3 18.gxf3 Bc3  0-1

[Event "US-chT Amateur East"]
[Site "Parsippany"]
[Date "1998.??.??"]
[Round "6"]
[White "Karpov, Anatoly"]
[Black "McCarthy, Brian"]
[Result "1-0"]
[WhiteElo "2735"]
[BlackElo "2265"]

1.c4 c6 2.e4 d5 3.exd5 Nf6 4.d4 cxd5 5.Nc3 g6 6.cxd5 Nxd5 7.Qb3 Nxc3 8.Bc4 e6
9.bxc3 Qb6 10.Nf3 Qxb3 11.axb3 Nd7 12.Bb5 Bd6 13.h4 O-O 14.h5 e5 15.hxg6 hxg6
16.Bg5 e4 17.Nd2 f5 18.Bc4+ Kg7 19.Bh6+ Kf6 20.Bxf8 Nxf8 21.Rh8 a6 22.Bd5 Kg7
23.Rg8+ Kh7 24.Ke2 Kh6 25.f4 Kh5 26.g3 Kg4 27.Nc4 Be7 28.Kf2 Bh4 29.Ne5+  1-0

[Event "HUN-ch op"]
[Site "Pecs"]
[Date "1998.??.??"]
[Round "6"]
[White "Horvath, Gyula"]
[Black "Turzo, Attila"]
[Result "1/2-1/2"]
[WhiteElo "2465"]
[BlackElo "2415"]

1.c4 c6 2.d4 d5 3.Nf3 Nf6 4.Qc2 dxc4 5.Qxc4 Bf5 6.Nc3 e6 7.g3 Nbd7 8.Bg2 Be7
9.O-O O-O 10.Re1 Ne4 11.Bf4 Qb6 12.Nh4 Bxh4 13.Nxe4 Bxe4 14.Bxe4 Be7 15.Bf3 Rac8
16.Red1 Nf6 17.Rab1 a5 18.Bg5 Qb4 19.Qc2 Rfd8 20.a3 Qb6 21.e3 Qb5 22.Bxf6 Bxf6
23.b4 Rc7 24.Be2 Qb6 25.Qa4 Ra8 26.Rdc1 Be7 27.Kg2 Ra7 28.b5 c5 29.Bf3 Ra8
30.dxc5 Bxc5 31.Rc3 Rac8 32.Rd1 Bf8 33.Rxc7 Qxc7 34.Rd3 b6 35.Bc6 Rd8 36.Qd1 Rxd3
37.Qxd3 Qd6 38.Qxd6 Bxd6 39.a4  1/2-1/2

[Event "HUN-ch op"]
[Site "Pecs"]
[Date "1998.??.??"]
[Round "9"]
[White "Ruck, Robert"]
[Black "Varga, Z."]
[Result "1/2-1/2"]
[WhiteElo "2450"]
[BlackElo "2520"]

1.c4 c6 2.d4 d5 3.Nf3 Nf6 4.Nc3 e6 5.Bg5 h6 6.Bxf6 Qxf6 7.e3 Nd7 8.Bd3 Qd8
9.O-O Be7 10.a3 O-O 11.Qc2 b6 12.cxd5 cxd5 13.e4 Bb7 14.exd5 Bxd5 15.Nxd5 exd5
16.Rac1 Bd6 17.Qa4 a6 18.Qc6 Nf6 19.Rfe1 Bf4 20.Rc2 a5 21.g3 Bd6 22.Qb5 Ra7
23.Rc6 Rb7 24.Bf5 Qb8 25.Kg2 Rd8 26.Re2 g6 27.Bd3 Rc8 28.Rec2 Rxc6 29.Rxc6 Kg7  1/2-1/2

[Event "Plzen opJ-B"]
[Site "Plzen"]
[Date "1998.??.??"]
[Round "5"]
[White "Krassig, A."]
[Black "Mrnka, J."]
[Result "0-1"]
[WhiteElo "1615"]
[BlackElo "1830"]

1.c4 c6 2.Nc3 d6 3.Nf3 Bg4 4.e3 e5 5.Be2 Nd7 6.d4 Ngf6 7.d5 Be7 8.b3 Nc5
9.b4 Ncd7 10.Ba3 Nb6 11.e4 a5 12.b5 c5 13.Nd2 Qd7 14.f3 Bh5 15.Na4 Nxa4 16.Qxa4 g5
17.Qd1 g4 18.Bc1 Rg8 19.Nf1 gxf3 20.Bxf3 Bxf3 21.Qxf3 Qg4 22.Ne3 Qxe4 23.Qxe4 Nxe4
24.O-O f6 25.Nf5 Kd7 26.Bh6 Rg6 27.Rae1 Ng5 28.Kf2 b6 29.h4 Nf7 30.Be3 Rag8
31.Rg1 Bf8 32.Kf3 Bh6 33.Nxh6 Nxh6 34.h5 Rg3+ 35.Kf2 Nf5  0-1

[Event "Mitropa Cup"]
[Site "Portoroz"]
[Date "1998.??.??"]
[Round "9"]
[White "Zueger, Beat"]
[Black "Weiss, Christian"]
[Result "1/2-1/2"]
[WhiteElo "2425"]
[BlackElo "2370"]

1.c4 c6 2.Nf3 d5 3.d4 Nf6 4.Nc3 dxc4 5.e3 Bf5 6.Bxc4 e6 7.O-O Be7 8.Qe2 Ne4
9.Bd3 Nxc3 10.bxc3 Bxd3 11.Qxd3 Nd7 12.c4 Qc7 13.Bb2 O-O 14.e4 Rfd8 15.Rfd1 Bf6
16.Rab1 Ne5 17.Nxe5 Bxe5 18.h3 Rd7 19.Qb3  1/2-1/2

[Event "CRO-chT2"]
[Site "Pula"]
[Date "1998.??.??"]
[Round "4"]
[White "Mrkonjic, Nenad"]
[Black "Mufic, Goran"]
[Result "1/2-1/2"]
[WhiteElo "2270"]
[BlackElo "2345"]

1.c4 c6 2.d4 d5 3.cxd5 cxd5 4.Nc3 Nf6 5.Nf3 Nc6 6.e3 e6 7.Bd2 Bd6 8.Rc1 O-O
9.Bd3 e5 10.dxe5 Nxe5 11.Be2 Bf5 12.Nb5 Nd3+ 13.Bxd3 Bxd3 14.Nxd6 Qxd6 15.Bc3 Ba6
16.Qd4 Rfe8 17.Nd2 Re6 18.Kd1 Qf8 19.Kc2 Ne4 20.Nxe4 dxe4 21.Kb1 Bd3+ 22.Ka1 Rd8
23.Qb4 Qxb4 24.Bxb4  1/2-1/2

[Event "Pula op"]
[Site "Pula"]
[Date "1998.??.??"]
[Round "4"]
[White "Bukal, Vladimir Sr"]
[Black "Draganic, Stjepan"]
[Result "1-0"]
[WhiteElo "2400"]
[BlackElo "2165"]

1.c4 c6 2.e4 d5 3.exd5 cxd5 4.d4 Nf6 5.Nc3 g6 6.Nf3 Bg7 7.Be2 O-O 8.O-O Nc6
9.Re1 e6 10.c5 Ne4 11.Be3 Nxc5 12.dxc5 d4 13.Bg5 f6 14.Ne4 fxg5 15.Nfxg5 Ne5
16.Qb3 Qd5 17.Bd1 Bd7 18.Qh3 h6 19.Bb3 hxg5 20.Bxd5 exd5 21.Qb3 Bc6 22.Nxg5 Rae8
23.Qh3 Rf5 24.f4 d3 25.Qh7+ Kf8 26.fxe5 Rxg5 27.Rf1+ Rf5 28.Qxg6  1-0

[Event "CRO-chT2"]
[Site "Pula"]
[Date "1998.??.??"]
[Round "5"]
[White "Bukal, Vladimir Sr"]
[Black "Glavas, Dragan"]
[Result "1-0"]
[WhiteElo "2400"]
[BlackElo "2300"]

1.c4 c6 2.e4 e6 3.Nc3 d5 4.cxd5 exd5 5.exd5 cxd5 6.d4 Nc6 7.h3 Bb4 8.Nf3 Nge7
9.Bd3 Bf5 10.Bxf5 Nxf5 11.O-O O-O 12.Qd3 Qd7 13.Bf4 Rac8 14.Rac1 Rfe8 15.Rfe1 Rxe1+
16.Rxe1 Bxc3 17.bxc3 f6 18.Qb5 Ne5 19.Qxd7 Nxd7 20.g4 Rxc3 21.gxf5 Rxf3 22.Bd6 Rxf5
23.Re8+ Kf7 24.Re7+ Kg8 25.Rxd7 Rf3 26.Rxb7 Rd3 27.Bc5 Rxh3 28.Rxa7  1-0

[Event "Pula op"]
[Site "Pula"]
[Date "1998.??.??"]
[Round "6"]
[White "Serafimov, Tervel"]
[Black "Sulava, Nenad"]
[Result "1/2-1/2"]
[WhiteElo "2280"]
[BlackElo "2450"]

1.c4 c6 2.b3 d5 3.Nf3 Bg4 4.Ne5 Bh5 5.Bb2 f6 6.g4 fxe5 7.gxh5 e6 8.e3 Qg5
9.Bh3 Na6 10.Kf1 Nf6 11.Rg1 Qh4 12.Qf3 e4 13.Qg3 Qxh5 14.Bxe6 Nc5 15.cxd5 cxd5
16.Bh3 Be7 17.Nc3 g6 18.Bg4 Nxg4 19.Qxg4 Qxg4 20.Rxg4 Bf6 21.Na4 Bxb2 22.Nxb2 Rc8
23.Rg5 Rd8 24.d4 Ne6 25.Re5 Ke7 26.Rc1 Kd6 27.Na4 b6 28.b4 Rhf8 29.Ke2 Nc7
30.Nc3 Rf7 31.Rg1 Rdf8 32.Rg2 Rf3 33.Reg5 a6 34.Re5 R8f5 35.Rxf5 gxf5 36.Rg3 Rxg3
37.hxg3 Nb5 38.Nxb5+ axb5 39.Kf1 Ke6 40.Kg2 Kf6 41.Kh2 Kg5 42.Kh3 Kh5 43.Kh2 Kg4
44.Kg2 h6 45.a3 h5 46.f4 h4 47.gxh4 Kxh4 48.Kh2 Kg4 49.Kg2 Kh4 50.Kh2 Kg4
51.Kg2 Kh4 52.Kh2 Kg4 53.Kg2  1/2-1/2

[Event "Radenci op"]
[Site "Radenci"]
[Date "1998.??.??"]
[Round "?"]
[White "Mohr, Georg"]
[Black "Crepan, Marjan"]
[Result "1/2-1/2"]
[WhiteElo "2455"]
[BlackElo "2295"]

1.c4 c6 2.Nc3 d5 3.d4 Nf6 4.e3 a6 5.a4 e6 6.Nf3 a5 7.Be2 Bd6 8.O-O Na6 9.Re1 Nb4
10.Bf1 O-O 11.c5  1/2-1/2

[Event "ISL-chT9899"]
[Site "Reykjavik"]
[Date "1998.??.??"]
[Round "?"]
[White "Gunnarsson, Arnar"]
[Black "Stefansson, Hannes"]
[Result "0-1"]
[WhiteElo "2196"]
[BlackElo "2547"]

1.c4 c6 2.Nf3 d5 3.e3 Nf6 4.b3 Bg4 5.Bb2 Nbd7 6.Be2 e6 7.O-O Bd6 8.d4 Ne4
9.Nfd2 Bxe2 10.Qxe2 f5 11.f3 Nxd2 12.Nxd2 Qh4 13.g3 Qh5 14.e4 fxe4 15.Rae1 O-O
16.fxe4 Rxf1+ 17.Nxf1 Qxe2 18.Rxe2 dxc4 19.bxc4 e5 20.d5 Nb6 21.dxc6 bxc6
22.Rc2 Na4 23.Ba1 Rb8 24.Rd2 Bc7 25.Rd7 Rb7 26.Ne3 Nc5 27.Rd1 Kf7 28.Nf5 g6
29.Nh4 Ke6 30.Nf3 h6 31.Nh4 g5 32.Nf5 Nxe4 33.Ng7+ Kf7 34.Nf5 Nf6 35.Re1 h5
36.Bxe5 Bxe5 37.Rxe5 Rb4 38.Kg2 Rb2+ 39.Kg1 Ng4 40.Nd6+ Kg6 41.Ra5 Nf2 42.h4 Kf6
43.Nc8 Nh3+ 44.Kh1 Nf2+ 45.Kg1 Ne4 46.Rxa7 Nxg3 47.hxg5+ Kf5 48.g6 Kg4 49.Ra3 Kh3
50.Rxg3+ Kxg3 51.Kf1 Kf3  0-1

[Event "Robecchetto"]
[Site "Robecchetto"]
[Date "1998.??.??"]
[Round "?"]
[White "Dorighet, Claudio"]
[Black "Griffa, Roberto"]
[Result "1-0"]
[WhiteElo "2110"]
[BlackElo "2075"]

1.c4 c6 2.Nc3 d5 3.e3 Nf6 4.d4 a6 5.b3 Bf5 6.Bd3 Bxd3 7.Qxd3 e6 8.Nf3 c5
9.dxc5 Nc6 10.cxd5 Bxc5 11.Qc4 Nb4 12.dxe6 O-O 13.exf7+ Kh8 14.O-O Rc8 15.Rd1 Qe7
16.Qe2 Rxf7 17.Bb2 Ne4 18.Nxe4 Qxe4 19.Ng5  1-0

[Event "Robecchetto"]
[Site "Robecchetto"]
[Date "1998.??.??"]
[Round "?"]
[White "Dorighet, Claudio"]
[Black "Barlocco, Carlo"]
[Result "0-1"]
[WhiteElo "2110"]
[BlackElo "2180"]

1.c4 c6 2.Nc3 d5 3.e3 Nf6 4.d4 a6 5.b3 Bf5 6.Bd3 Bxd3 7.Qxd3 Nbd7 8.Nf3 e6
9.O-O Bb4 10.Bd2 Bxc3 11.Bxc3 O-O 12.Nd2 Re8 13.e4 dxe4 14.Nxe4 Nxe4 15.Qxe4 Qg5
16.Rad1 Rad8 17.Rfe1 f5 18.Qc2 Nf6 19.f3 h5 20.Bd2 Qg6 21.Bf4 h4 22.Be5 Kf7
23.h3 Qh5 24.Qf2 g5 25.Rd3 Qg6 26.Rde3 Nh5 27.a4 f4 28.Rc3 Ng3 29.Bc7 Rd7
30.Bb6 e5 31.dxe5 Rxe5 32.Rcc1 Rde7 33.Rxe5 Rxe5 34.Re1 Qe6 35.Ba5 Re2 36.Rxe2 Qxe2
37.Qxe2 Nxe2+ 38.Kf2 Nc1 39.b4 Nd3+ 40.Ke2 Nb2 41.Bd8 Kg6 42.a5 Nxc4 43.Be7 Ne3
44.Kf2 Nd5 45.Bc5 Kf5 46.Ke2 Ke6 47.Kd3 Nf6 48.Kd4 Nd7 49.Ke4 Ne5 50.Bd4 Nc4
51.Bc5 Nd2+ 52.Kd3 Nf1 53.Ke4 Ng3+ 54.Kd3 Kf5 55.Bd6 Nf1 56.Bc5 Ke6 57.Ke4 Ng3+
58.Kd3 Nf5 59.Ke4 Nh6 60.Bf8 Nf7 61.Bc5 Ne5 62.Bd4 Nd7 63.Bc5 Nf6+ 64.Kd4 Kf5
65.Kd3 Nd5 66.Ke2 Ke6 67.Kd3 Ke5 68.Bd4+ Kd6 69.Bc5+ Kc7 70.Ke4 Ne3 71.Be7  0-1

[Event "Saint Quentin op"]
[Site "Saint Quentin"]
[Date "1998.??.??"]
[Round "5"]
[White "Nikcevic, Nebojsa"]
[Black "Kirov, Nino"]
[Result "1/2-1/2"]
[WhiteElo "2505"]
[BlackElo "2395"]

1.c4 c6 2.e4 d5 3.exd5 cxd5 4.cxd5 Nf6 5.Nc3 g6 6.Bb5+ Nbd7 7.d6 exd6 8.d4 a6
9.Bd3 Bg7 10.Qe2+ Qe7 11.Bf4 Qxe2+ 12.Ngxe2 Ke7 13.Ng3 Nb6 14.Nge4 Nxe4 15.Bxe4 Bxd4
16.O-O-O Be5 17.Be3 Bxc3 18.bxc3 Nc4 19.Bd4 Rd8 20.Rhe1 Be6 21.Bxb7 Rab8
22.Bxa6 Na3 23.Bd3 Rdc8 24.Rd2 Nb5 25.Rc2 Kd7 26.Bf6 Na3 27.Rb2 Rxb2 28.Kxb2 Nc4+
29.Ka1 Ra8 30.Re2 Na5 31.Kb1 Nc4 32.Bd4 Ra5 33.Ka1 Ne5 34.Bxe5 dxe5 35.Rb2 Ra3
36.Rc2 Kd6 37.Be2 Kc5 38.c4 Ra4 39.Kb2 Rb4+ 40.Kc3 Ra4 41.Kb2 Rb4+  1/2-1/2